000 00863cam a2200241 4500
001 ##L133235
008 060421n2004 000 0 eng u
020 _a0471684058
035 _a(Sirsi) u133235
041 0 _aeng
050 0 4 _a333.33 $2 18
100 1 _aBerges, Steve
245 0 4 _aThe complete guide to buying and selling apartment buildings
250 _a2nd ed.
260 _aHoboken
_bJohn Wiley and Sons
_c2004
300 _axi, 308p.
_c24cm.
350 _a13.19
520 _aDiscusses strategies for the successful purchase and sale of multifamily properties. Includes chapters on the location of property, financial analysis and property management, as well as case studies and a glossary.
590 _aIKA210806
651 4 _aUSA
690 _aPROPERTY-RESIDENTIAL PROPERTY-DOMESTIC RESIDENTIAL PROPERTY-HOUSING-FLATS
942 _n0
999 _c105361
_d105361